Score 0/107 Timer 12:00
6 Plays Today
Seat House % Correct
WinterfellStark
96.1%
Casterly RockLannister
94.5%
PykeGreyjoy
87.7%
Storm's EndBaratheon
87.6%
HighgardenTyrell
86.2%
RiverrunTully
85.8%
SunspearMartell
83.8%
The EyrieArryn
82.9%
The DreadfortBolton
81.3%
The TwinsFrey
81.1%
Bear IslandMormont
79.3%
KarholdKarstark
78.7%
Horn HillTarly
72.8%
The FingersBaelish
68.6%
Last HearthUmber
68.6%
Greywater WatchReed
58.5%
Evenfall HallTarth
57.8%
White HarborManderly
55.9%
The ArborRedwyne
51.9%
StarfallDayne
51.9%
CerwynCerwyn
48.1%
Deepwood MotteGlover
47.9%
YronwoodYronwood
45.3%
Harvest HallSelmy
44.9%
HornwoodHornwood
44.8%
OldtownHightower
44.7%
RunestoneRoyce
44.2%
StokeworthStokeworth
42.8%
RosbyRosby
42.5%
Griffin's RoostConnington
42.4%
The CragWesterling
42.2%
Brightwater KeepFlorent
41.6%
SeagardMallister
40.2%
CrakehallCrakehall
37.4%
Old OakOakheart
37%
BlackhavenDondarrion
37%
Seat House % Correct
Raventree HallBlackwood
36.7%
Ten TowersHarlaw
34.9%
Stone HedgeBracken
34%
Torrhen's SquareTallhart
31.1%
BarrowtonDustin
29.2%
AshfordAshford
28.9%
RedfortRedfort
28.7%
Widow's WatchFlint
28.5%
PinkmaidenPiper
26.6%
StonehelmSwann
26%
MaidenpoolMooton
25.4%
Heart's HomeCorbray
25.3%
AshemarkMarbrand
25%
The RillsRyswell
24.5%
VolmarkVolmark
24.4%
LongtableMerryweather
24.3%
DriftmarkVelaryon
24.2%
Claw IsleCeltigar
23.9%
Acorn HallSmallwood
23.8%
GreenstoneEstermont
23%
LordsportBotley
22.3%
IronoaksWaynwood
21.9%
OldcastleLocke
21.8%
LemonwoodDalt
21.2%
FellwoodFell
21.2%
BanefortBanefort
21.2%
Longbow HallHunter
20.8%
ParchmentsPenrose
20.5%
Wayfarer's RestVance
20%
HoneyholtBeesbury
19.8%
HellholtUller
19.1%
HornvaleBrax
19%
GoldengroveRowan
18.8%
The TorJordayne
18.6%
Grey GlenTollett
18.4%
SpottswoodSantagar
18.3%
Seat House % Correct
Sharp PointBar Emmon
18.1%
SkyreachFowler
18%
GodsgraceAllyrion
17.7%
KingsgraveManwoody
17.6%
SandstoneQorgyle
17.6%
Old WykDrumm
17.3%
NightsongCaron
17.3%
The Golden ToothLefford
17.2%
Dyre DenBrune
16.7%
Lonely LightFarwynd
16.2%
Sweetport SoundSunglass
15.6%
Sunflower HallCuy
15.5%
KayceKenning
15.2%
GulltownGrafton
14.5%
StrongsongBelmore
14.5%
UplandsMullendore
13.7%
NinestarsTempleton
13.2%
Ghost HillToland
13.2%
FaircastleFarman
13%
BitterbridgeCaswell
12.6%
SweetsisterBorrell
12.5%
Crows NestMorrigen
12.4%
SnakewoodLynderly
12.4%
SaltcliffeSunderly
12.3%
BlackcrownBulwer
12.1%
Sow's HornHogg
12%
Haystack HallErrol
11.9%
Salt ShoreGargalen
11.9%
Deep DenLydden
11.8%
WickendenWaxley
11.5%
Three TowersCostayne
11.3%
BronzegateBuckler
11.3%
LongsisterLongthorpe
10.6%
OakenshieldHewett
10.2%
The PapsElesham
9%

You're not logged in!

Compare scores with friends on all Sporcle quizzes.
OR
Log In

Sporcle TV

Today on Sporcle TV


Watch our educational content, quiz creation guides, and fun videos on Sporcle TV.

Show Comments

Extras

Top Quizzes Today


Score Distribution

Paid Content

Your Account Isn't Verified!

In order to create a playlist on Sporcle, you need to verify the email address you used during registration. Go to your Sporcle Settings to finish the process.

Report this User

Report this user for behavior that violates our Community Guidelines.

Details: